000 02207nam a22003617a 4500
005 2011080406576.0
008 090728t xxu||||| |||| 00| 0 pun d
010 _aPUN-6959 B-465070-074
020 _c225.00
_a9788179143841
035 _aPN-6077 B-465070-074
037 _bDBAD / PUB
037 _bRBC/Vender
040 _adpl
_bpn
082 _a854
100 _924414
_aਗਿੱਲ ਮੋਰਾਂਵਾਲੀ
245 _aਮੇਰਾ ਸਾਹਿਤ ਸੰਸਾਰ :
_cਗਿੱਲ ਮੋਰਾਂਵਾਲੀ
_b ਸਮਕਾਲੀਆਂ ਦੀ ਨਜ਼ਰ ਵਿਚ /
246 _aMera Sahit Sansar:samkalian di nazar vich
_bby Gill Moranwali
260 _aChandigarh
_bTarlochan Publishers
_c2011
270 _a3236, Sector-15-D,
_bChandigarh
_k0172-4613236
300 4 _a160 ਸਫੇ
_c22ਸੇਮੀ (ਸਜਿਲੱਦ)
600 _931401
650 _924412
650 _924431
700 _931690
942 _2ddc
_cPN
_h854
_mਗਿੱਲਮੋ
999 _c55238
_d55238